[Event "Perm-ch (Women)"]
[Site "Perm"]
[Date "2007.08.09"]
[Round "7"]
[White "Matveeva, Olga"]
[Black "Kriukova, Elena"]
[Result "1-0"]
[WhiteElo "2226"]
[BlackElo "2142"]
[PlyCount "47"]
[EventDate "2007.08.03"]
[EventType "tourn"]
[EventRounds "10"]
[EventCountry "RUS"]
[SourceTitle "EXT 2022"]
[Source "ChessBase"]
[SourceDate "2021.10.06"]
[SourceVersion "1"]
[SourceVersionDate "2021.10.06"]
[SourceQuality "1"]

1. d4 c5 2. d5 g6 3. c4 Bg7 4. e4 d6 5. Nc3 Nf6 6. Nf3 0-0 7. Bd3 e6 8. h3 exd5 9. cxd5 Re8 10. 0-0 Na6 11. Re1 Nb4 12. Bc4 a5 13. a3 Na6 14. Bf4 Nh5 15. Bh2 Qb6 16. Qd2 Bd7 17. e5 dxe5 18. Nxe5 Nf6 19. Nxd7 Nxd7 20. d6 Rad8 21. Re7 Ne5 22. Bxe5 Bxe5 23. Qd5 Rxe7 24. dxe7 1-0

[Event "Perm-ch (Women)"]
[Site "Perm"]
[Date "2007.08.07"]
[Round "5"]
[White "Samigullina, Diana"]
[Black "Kriukova, Elena"]
[Result "1-0"]
[WhiteElo "2087"]
[BlackElo "2142"]
[PlyCount "95"]
[EventDate "2007.08.03"]
[EventType "tourn"]
[EventRounds "10"]
[EventCountry "RUS"]
[SourceTitle "EXT 2022"]
[Source "ChessBase"]
[SourceDate "2021.10.06"]
[SourceVersion "1"]
[SourceVersionDate "2021.10.06"]
[SourceQuality "1"]

1. d4 c5 2. d5 g6 3. e4 d6 4. Nf3 Nf6 5. Nc3 Bg7 6. Bb5+ Bd7 7. a4 0-0 8. 0-0 a6 9. Bc4 Bg4 10. h3 Bxf3 11. Qxf3 Nbd7 12. Qd1 Rb8 13. Re1 Ne5 14. Bf1 Qc7 15. Bf4 Nfd7 16. Bh2 Nb6 17. f4 Ned7 18. Qe2 Nf6 19. a5 Nbd7 20. e5 Ne8 21. e6 Bd4+ 22. Kh1 Ndf6 23. g4 Bxc3 24. bxc3 Nxd5 25. exf7+ Rxf7 26. Qe6 Qc6 27. Bg2 Nec7 28. Qe2 Qd7 29. c4 Nxf4 30. Bxf4 Rxf4 31. Qxe7 Rf7 32. Qxd7 Rxd7 33. Rab1 d5 34. cxd5 Nxd5 35. Red1 Rbd8 36. Rd3 Kf8 37. Rbd1 Nf6 38. Rxd7 Rxd7 39. Rxd7 Nxd7 40. Bxb7 Nb8 41. Kg2 Ke7 42. Kf3 Kd6 43. Ke4 Kc7 44. Bd5 Nd7 45. g5 Kd6 46. Bg8 Nf8 47. h4 Kc6 48. Ke5 1-0

[Event "Perm-ch (Women)"]
[Site "Perm"]
[Date "2007.08.05"]
[Round "3"]
[White "Kushka, Alena"]
[Black "Kriukova, Elena"]
[Result "1-0"]
[WhiteElo "2013"]
[BlackElo "2142"]
[PlyCount "37"]
[EventDate "2007.08.03"]
[EventType "tourn"]
[EventRounds "10"]
[EventCountry "RUS"]
[SourceTitle "EXT 2022"]
[Source "ChessBase"]
[SourceDate "2021.10.06"]
[SourceVersion "1"]
[SourceVersionDate "2021.10.06"]
[SourceQuality "1"]

1. c4 c5 2. Nf3 Nc6 3. Nc3 g6 4. e3 Nf6 5. d4 cxd4 6. exd4 d5 7. cxd5 Nxd5 8. Bc4 Nb6 9. Bb3 Bg7 10. d5 Na5 11. Be3 0-0 12. Bd4 Nxb3 13. Bxg7 Nxa1 14. Bxf8 Kxf8 15. 0-0 Bg4 16. Qd4 Kg8 17. Qxg4 f5 18. Qg3 Nc2 19. Ng5 1-0

[Event "Perm-ch (Women)"]
[Site "Perm"]
[Date "2007.08.04"]
[Round "2"]
[White "Kriukova, Elena"]
[Black "Matveeva, Olga"]
[Result "0-1"]
[WhiteElo "2142"]
[BlackElo "2226"]
[PlyCount "62"]
[EventDate "2007.08.03"]
[EventType "tourn"]
[EventRounds "10"]
[EventCountry "RUS"]
[SourceTitle "EXT 2022"]
[Source "ChessBase"]
[SourceDate "2021.10.06"]
[SourceVersion "1"]
[SourceVersionDate "2021.10.06"]
[SourceQuality "1"]

1. Nf3 c5 2. g3 Nc6 3. d4 cxd4 4. Nxd4 e5 5. Nxc6 dxc6 6. Qxd8+ Kxd8 7. Bg2 Kc7 8. 0-0 Bg4 9. e4 Bc5 10. c3 Nf6 11. b4 Bb6 12. Nd2 Be6 13. a4 a5 14. b5 Rad8 15. bxc6 bxc6 16. Rb1 Rd3 17. Nf3 Nd7 18. Bb2 f6 19. Rfc1 Nc5 20. c4 Rhd8 21. Nxe5 fxe5 22. Bxe5+ Kb7 23. Bxg7 Rb3 24. Bf6 Rd7 25. Bc3 Rd3 26. Bf6 Rxb1 27. Rxb1 Rb3 28. Rxb3 Nxb3 29. e5 Nd2 30. h4 Bd4 31. h5 Nxc4 0-1